000 00678cam a2200241 4500
008 090401t1994 xxu||||| |||| 00| 0 eng d
020 _a0852926278
035 _a(Sirsi) u51198
041 _aeng
050 _a658.3
100 _aRidgeway, Christopher
245 _aEmpowering change : the role of people management.
260 _aLondon
_bIPD Books
_c1994
300 _aix,210p. ; 24cm.
350 _a13.27
650 _aMANAGEMENT
650 _aPERSONNEL MANAGEMENT
690 _aMANAGEMENT-BUSINESS MANAGEMENT-PROFESSIONAL PRACTICE
700 _aWallace, Brian
710 _aInstitute of Personnel and Development
_91791
942 _n0
948 _c04/03/1997
999 _c92834
_d92834